| 000 | 03287cam a22012734i 4500 | ||
|---|---|---|---|
| 003 | PE-LiUPU | ||
| 005 | 20250813185435.0 | ||
| 008 | 191105s2019 ck a rb 000 0 spa d | ||
| 020 | _a9587784812 | ||
| 020 | _a9789587784817 | ||
| 035 | _a(Sirsi) a252658 | ||
| 040 |
_aPE-LiUPU _bspa _cPE-LiUPU _erda |
||
| 049 | _aPRUA | ||
| 082 | 0 | 4 |
_a371.30281 _bG23 _220 |
| 100 | 1 |
_aGarcía-Huidobro B., Cecilia, _eautor. |
|
| 245 | 1 | 0 |
_aA estudiar se aprende : _bmetología de estudio sesión por sesión / _cCecilia García-Huidobro B., María Cristina Gutiérrez G., Eliana Condemarín G. |
| 250 | _a13 edición actualizada. | ||
| 264 | 1 |
_aBogotá : _bAlfaomega, _c2019. |
|
| 300 |
_a183 páginas : _bilustraciones ; _c25 centímetros |
||
| 336 |
_atext _2rdacontent |
||
| 337 |
_aunmediated _2rdamedia |
||
| 338 |
_avolume _2rdacarrier |
||
| 504 | _aBibliografía: páginas 179-183. | ||
| 505 | 0 | _aIntroducción -- Factores que intervienen en el aprendizaje escolar -- Destrezas básicas para un estudio eficaz -- Enseñando a estudiar, aplicación práctica del método de estudio -- Anexos. | |
| 526 | _aP202 | ||
| 526 | _aP201 | ||
| 526 | _aP163 | ||
| 526 | _aP162 | ||
| 526 | _aP161 | ||
| 526 | _aP160 | ||
| 526 | _aP148 | ||
| 526 | _aP147 | ||
| 526 | _aP146 | ||
| 526 | _aP145 | ||
| 526 | _aP144 | ||
| 526 | _aP143 | ||
| 526 | _aP142 | ||
| 526 | _aP141 | ||
| 526 | _aP140 | ||
| 526 | _aP139 | ||
| 526 | _aP138 | ||
| 526 | _aP137 | ||
| 526 | _aP136 | ||
| 526 | _aP135 | ||
| 526 | _aP134 | ||
| 526 | _aP133 | ||
| 526 | _aP129 | ||
| 526 | _aP128 | ||
| 526 | _aP127 | ||
| 526 | _aP120 | ||
| 526 | _aP119 | ||
| 526 | _aP118 | ||
| 526 | _aP116 | ||
| 526 | _aP115 | ||
| 526 | _aP114 | ||
| 526 | _aP110 | ||
| 526 | _aP109 | ||
| 526 | _aP108 | ||
| 526 | _aP104 | ||
| 526 | _aP103 | ||
| 526 | _aP102 | ||
| 526 | _aP99 | ||
| 526 | _aP98 | ||
| 526 | _aP97 | ||
| 526 | _aP96 | ||
| 526 | _aP95 | ||
| 526 | _aP93 | ||
| 526 | _aP90 | ||
| 526 | _aP89 | ||
| 526 | _aP88 | ||
| 526 | _aP83 | ||
| 526 | _aP82 | ||
| 526 | _aP62 | ||
| 526 | _aP59 | ||
| 526 | _aP58 | ||
| 526 | _aP57 | ||
| 526 | _aP51 | ||
| 526 | _aP49 | ||
| 526 | _aP48 | ||
| 526 | _aP47 | ||
| 526 | _aP29 | ||
| 526 | _aP24 | ||
| 526 | _aP20 | ||
| 526 | _aP19 | ||
| 526 | _aP17 | ||
| 526 | _aP15 | ||
| 526 | _aP14 | ||
| 526 | _aP12 | ||
| 526 | _aP10 | ||
| 526 | _aP09 | ||
| 526 | _aP08 | ||
| 526 | _aP07 | ||
| 526 | _aP06 | ||
| 526 | _aP05 | ||
| 526 | _aP04 | ||
| 526 | _aP01 | ||
| 541 | _g004-000262; | ||
| 650 | 1 | 7 |
_aMétodos de estudio. _91836 |
| 650 | 1 | 7 | _aHabilidades de estudio. |
| 650 | 2 | 4 | _aEducación. |
| 700 | 1 |
_aGutiérrez G., María Cristina, _eautor. |
|
| 700 | 1 |
_aCondemarín G., Eliana, _eautor. |
|
| 910 |
_adbm _bncf _cncf _d20191105 |
||
| 942 |
_2ddc _cBOOK |
||
| 994 |
_aC0 _bPEPRU |
||
| 598 | _aCATALOGING | ||
| 596 | _a1 | ||
| 999 |
_a371.30281 G23 _wDEWEY _c31886 _i80816 _f2021-11-8 _g3 _lCCODEBUL1 _mBUL _p14.77 _r0 _sY _tBOOK _u2019-11-5 _xEDUCACION _zTO-MENCIÓN _0COMPRA _1FCOMPR4 _o.STAFF. Colección Ciencias Humanas y Educación _d31886 |
||
| 980 |
_81 _gALBERTO SANCHEZ Responsable de Automatización |
||